header

Effective postgraduate supervision (Record no. 132563)

MARC details
000 -LEADER
fixed length control field 01531nam a2200385Ia 4500
100 1# - MAIN ENTRY--AUTHOR NAME
Personal name Eley, Adrian R.
245 10 - TITLE STATEMENT
Title Effective postgraduate supervision
260 ## - PUBLICATION, DISTRIBUTION, ETC. (IMPRINT)
Place of publication Maidenhead :
Name of publisher Open University Press,
Year of publication 2005.
300 ## - PHYSICAL DESCRIPTION
Number of Pages xii, 188 p.
650 #0 - SUBJECT ADDED ENTRY--TOPICAL TERM
Topical Term Graduate students
Topical Term Universities and colleges
Topical Term Universities and colleges
700 1# - ADDED ENTRY--PERSONAL NAME
Personal name Jennings, Roy.
856 40 - ELECTRONIC LOCATION AND ACCESS
Uniform Resource Identifier http://site.ebrary.com/lib/rucke/Doc?id=10161298

No items available.

© 2026 Rongo University
Contact us: librarian | system librarian | Rongo university